000 00502nmm a2200169Ia 4500
008 251105s9999||||xx |||||||||||||||||und||
020 _a9789681669355
041 _aspa
100 _aCardenal, Ernesto
245 0 _aLa ínsulas extrañas :
_b Memorias II
264 _a[México D.C., Mexico] :
_bFondo de Cultura Económica,
_c2013
300 _a487 páginas
490 _aTierra Firme
650 _aLatin American poetry
856 _uhttps://public.digitaliapublishing.com/a/43256
942 _cCF
999 _c96948
_d96948